Statistics for War Thunder USA Tanks Quiz

Click here to take the quiz!

General Stats

  • This quiz has been taken 370 times
  • The average score is 27 of 64

Answer Stats

HintAnswer% Correct
Tier 2M4
92%
Tier 1M2
89%
Tier 3M4A1 (76) W
75%
Tier 2M4A1
74%
Tier 3M4A2
72%
Tier 1M22
68%
Tier 2M10 GMC
65%
Tier 3M18 GMC
64%
Tier 2M24
60%
Tier 1M8 HMC
58%
Tier 2M16 MGMC
57%
Tier 2M3 Lee
56%
Tier 4T34
53%
Tier 4M26
52%
Tier 4M36GMC
51%
Tier 1M2A2
49%
Tier 5M60
49%
Tier 4T26E1-1
49%
Tier 1M13 GMC
47%
Tier 1M3 Stuart
47%
Tier 3M4A3E2
47%
Tier 1M2A4
46%
Tier 2M5A1
46%
Tier 5T95
46%
Tier 7M1A2 Abrams
45%
Tier 4M42
44%
Tier 5M46
44%
Tier 3M6A1
44%
Tier 5M50
43%
Tier 7M1A1 Abrams
42%
Tier 2M4A3 (105)
39%
Tier 5M47
38%
Tier 4M56
37%
Tier 1LVT(A)(1)
36%
Tier 4T25
36%
Tier 5T32
35%
Tier 5M103
34%
Tier 1M3 GMC
34%
Tier 4M41A1
34%
Tier 4M4A3 (76) W
34%
Tier 4T92
34%
Tier 6M3 Bradley
33%
Tier 7ADATS
32%
Tier 5M163
32%
Tier 1M3A1 Stuart
32%
Tier 3M4A2 (76) W
32%
Tier 7HSTV-L
31%
Tier 3M19A1
31%
Tier 4M4A3E2 (76) W
31%
Tier 6M551
31%
Tier 4T26E5
31%
Tier 5M48A1
28%
Tier 6M3A3 Bradley
27%
Tier 6MBT-70
27%
Tier 6IPM1
26%
Tier 7M1128
26%
Tier 5T32E1
26%
Tier 7M1A1 HC
24%
Tier 2M15 CGMC
22%
Tier 6M60A1 (AOS)
22%
Tier 6T95E1
22%
Tier 6XM-803
22%
Tier 6M60A3 TTS
21%
Tier 6M60A1 RISE (P)
19%

Score Distribution

Percentile by Number Answered

Percent of People with Each Score

Your Score History

You have not taken this quiz